| Tag |
First Indicator |
Second Indicator |
Subfields |
| LEADER |
00000cam a2200000 a 4500 |
| 001 |
in00001511713 |
| 005 |
20151021100952.0 |
| 008 |
990726s1998 mau b 001 0 eng d |
| 020 |
|
|
|a 1886778124
|
| 035 |
|
|
|a (OCoLC)41954472
|
| 035 |
|
|
|9 AJK9465AM
|
| 040 |
|
|
|a CSB
|c CSB
|d TXA
|d UtOrBLW
|
| 049 |
|
|
|a TXAM
|
| 090 |
|
|
|a PS3545.I557
|b Z63867 1998
|
| 100 |
1 |
|
|a Hauptmann, Richard A.
|q (Richard Alan),
|d 1945-
|
| 245 |
1 |
4 |
|a The work of Jack Williamson :
|b an annotated bibliography and guide /
|c by Richard A. Hauptmann ; edited by Boden Clarke.
|
| 264 |
|
1 |
|a Framingham, Mass. :
|b NESFA Press,
|c 1998.
|
| 300 |
|
|
|a xvii, 185 pages ;
|c 23 cm.
|
| 336 |
|
|
|a text
|b txt
|2 rdacontent
|
| 337 |
|
|
|a unmediated
|b n
|2 rdamedia
|
| 338 |
|
|
|a volume
|b nc
|2 rdacarrier
|
| 504 |
|
|
|a Includes bibliographical references (pages 153-156) and indexes.
|
| 600 |
1 |
0 |
|a Williamson, Jack,
|d 1908-2006
|x Bibliography.
|
| 650 |
|
0 |
|a Science fiction, American
|v Bibliography.
|
| 948 |
|
|
|a c:pk
|
| 999 |
|
|
|a MARS
|
| 999 |
f |
f |
|s f4950424-8a6a-39a1-a0cf-85d7077babb5
|i fcfea17c-c2a9-398a-a088-369f64892696
|t 0
|
| 952 |
f |
f |
|p ric
|a Texas A&M University
|b Rellis Campus
|c Joint Library Facility
|s JLF
|d Remote Storage
|t 0
|e PS3545.I557 Z63867 1998
|h Library of Congress classification
|i unmediated -- volume
|m A14825406642
|
| 998 |
f |
f |
|a PS3545.I557 Z63867 1998
|t 0
|l Remote Storage
|